La planificación de los recursos humanos en la empresa
Uloženo v:
| Hlavní autor: | |
|---|---|
| Médium: | Kniha |
| Jazyk: | španělština |
| Vydáno: |
Barcelona
Hispano Europea
1980
|
| Edice: | Colección Esade, Estudios de la empresa
|
| Témata: | |
| Tagy: |
Přidat tag
Žádné tagy, Buďte první, kdo vytvoří štítek k tomuto záznamu!
|
MARC
| LEADER | 00000nam a2200000 a 4500 | ||
|---|---|---|---|
| 001 | UCW5266 | ||
| 003 | CL-VaPUC | ||
| 008 | 910319e19800000SP |||||||||||||||||spa|d | ||
| 082 | 0 | 4 | |a 658.301 |b REC |2 21 |
| 100 | 0 | |a Recio Figueiras, Eugenio M |e author |9 310166 | |
| 245 | 1 | 3 | |a La planificación de los recursos humanos en la empresa |
| 300 | |a 323 p | ||
| 942 | |c BK | ||
| 945 | |d 19910319 00:00:00 | ||
| 260 | |a Barcelona |b Hispano Europea |c 1980 | ||
| 650 | 0 | |a Recursos humanos |9 228420 | |
| 650 | 0 | |a Administración del personal |9 260442 | |
| 583 | |a last modification |c 20160929 08:38:28 |k Rodrigo Vera | ||
| 490 | 0 | |a Colección Esade, Estudios de la empresa | |
| 999 | |c 218743 |d 218741 | ||
| 952 | |0 0 |1 0 |4 0 |6 658_301000000000000_REC_1980 |7 0 |8 A |9 208807 |a BIBEDU |b BIBEDU |d 2019-11-15 |i 2766167 |o 658.301 REC 1980 |p 2766167 |r 2019-11-15 |w 2019-11-15 |y BK |k EDU | ||